[Event "5.Aschacher Donau op"]
[Site "Aschach, AUT"]
[Date "1996.12.26"]
[Round "1"]
[White "Beim, V."]
[Black "Brandstaetter, F."]
[Result "1-0"]
[WhiteElo "2570"]
[BlackElo "2115"]
[PlyCount "69"]
[EventDate "1996.12.31"]

1. c4 e5 2. Nc3 Nc6 3. Nf3 g6 4. e3 Bg7 5. d4 d6 6. Be2 f5 7. dxe5 Nxe5 8. O-O
Nf6 9. Nxe5 dxe5 10. Qxd8+ Kxd8 11. Rd1+ Bd7 12. b3 c6 13. Ba3 Re8 14. Na4 b6
15. Nb2 e4 16. Bd6 Re6 17. Rd2 Ne8 18. Bg3 Ke7 19. Rad1 Nf6 20. Bh4 Be8 21. Na4
Rc8 22. Nc3 Kf7 23. c5 b5 24. a4 a6 25. b4 Re7 26. axb5 axb5 27. Ra2 Rd7 28.
Rxd7+ Nxd7 29. Nb1 Be5 30. f4 exf3 31. Bxf3 Nf6 32. Ra6 Ke6 33. Be1 Nd5 34. e4
fxe4 35. Bg4+ 1-0

[Event "5.Aschacher Donau op"]
[Site "Aschach, AUT"]
[Date "1996.12.26"]
[Round "1"]
[White "Birklbauer, T."]
[Black "Lechtynsky, J."]
[Result "0-1"]
[WhiteElo "2095"]
[BlackElo "2415"]
[PlyCount "80"]
[EventDate "1996.12.31"]

1. d4 Nf6 2. Bg5 c5 3. d5 Ne4 4. Bf4 d6 5. f3 Nf6 6. e4 g6 7. Bb5+ Bd7 8. a4
Bg7 9. c3 O-O 10. Qd2 Na6 11. Ne2 Nc7 12. Bxd7 Qxd7 13. Bh6 Bxh6 14. Qxh6 e6
15. Qg5 Kg7 16. c4 h6 17. Qd2 exd5 18. exd5 Rfe8 19. Nbc3 Qe7 20. O-O Qe3+ 21.
Qxe3 Rxe3 22. Kf2 Rae8 23. Rfe1 Na6 24. Nf4 Rxe1 25. Rxe1 Nb4 26. Rxe8 Nxe8 27.
Ke3 g5 28. Nd3 Nxd3 29. Kxd3 f5 30. Ke3 Kf6 31. g3 Ke7 32. h4 f4+ 33. Kf2 gxh4
34. gxh4 Kf6 35. Ke2 Ke5 36. Kd3 Ng7 37. Nb5 a6 38. Na7 Nf5 39. Nc8 Nxh4 40.
Ke2 Nf5 0-1

[Event "5.Aschacher Donau op"]
[Site "Aschach, AUT"]
[Date "1996.12.26"]
[Round "1"]
[White "Gruber, R."]
[Black "Hellmayr, A."]
[Result "1-0"]
[WhiteElo "1985"]
[BlackElo "2265"]
[PlyCount "57"]
[EventDate "1996.12.31"]

1. d4 Nf6 2. c4 e6 3. Nf3 a6 4. Nc3 c5 5. e4 cxd4 6. Nxd4 Qc7 7. Bd3 Nc6 8.
Nxc6 dxc6 9. O-O e5 10. Qa4 Bc5 11. Nd5 Nxd5 12. exd5 O-O 13. dxc6 f5 14. cxb7
Bxb7 15. Rd1 e4 16. Bf1 Bc6 17. Qc2 f4 18. b4 Bxb4 19. c5 Qa5 20. Rd6 Rac8 21.
Bb2 f3 22. Qc4+ Kh8 23. Bxg7+ Kxg7 24. Qd4+ Kg8 25. Bc4+ Rf7 26. Bxf7+ Kxf7 27.
Qf6+ Kg8 28. Qe6+ Kg7 29. Qxc8 1-0

[Event "5.Aschacher Donau op"]
[Site "Aschach, AUT"]
[Date "1996.12.26"]
[Round "1"]
[White "Hainzinger, J."]
[Black "Orsag, M."]
[Result "0-1"]
[WhiteElo "2105"]
[BlackElo "2430"]
[PlyCount "62"]
[EventDate "1996.12.31"]

1. d4 d5 2. Nf3 c5 3. dxc5 e6 4. e4 Bxc5 5. exd5 exd5 6. Bb5+ Nc6 7. O-O Nge7
8. Nc3 O-O 9. Bf4 Bg4 10. Be2 Re8 11. Ne5 Bxe2 12. Nxe2 Nf5 13. Nd3 Bb6 14. Ng3
Nxg3 15. hxg3 Qf6 16. Qh5 h6 17. Rfe1 g5 18. Bd2 Re4 19. Re2 Nd4 20. Rxe4 dxe4
21. Nb4 Nxc2 22. Rf1 Nxb4 23. Bxb4 e3 24. Bc3 exf2+ 25. Kh2 Qg6 26. Qe2 Rd8 27.
g4 Qe6 28. Qf3 Qd5 29. Qe2 Qd3 30. Qf3 Qxf1 31. Qf6 Bc7+ 0-1

[Event "5.Aschacher Donau op"]
[Site "Aschach, AUT"]
[Date "1996.12.26"]
[Round "1"]
[White "Kamberovic, S."]
[Black "Dumancic, P."]
[Result "1-0"]
[WhiteElo "2365"]
[BlackElo "1975"]
[PlyCount "62"]
[EventDate "1996.12.31"]

1. d4 d5 2. Nf3 Nf6 3. Bf4 e6 4. e3 Bd6 5. Bg3 Ne4 6. Bd3 Nxg3 7. hxg3 Nd7 8.
Nbd2 f5 9. Qe2 b6 10. g4 Nf6 11. gxf5 exf5 12. Nh4 f4 13. exf4+ Kf7 14. Ndf3
Bxf4 15. Ne5+ Bxe5 16. dxe5 Re8 17. O-O-O c6 18. Bxh7 Nxh7 19. Qh5+ Kg8 20. Nf3
Be6 21. Qxh7+ Kf7 22. Rh4 Rg8 23. Rf4+ Ke7 24. Ng5 Qd7 25. Qg6 Rae8 26. c4 Kd8
27. cxd5 Bxd5 28. Rf7 Re7 29. Rxe7 Qxe7 30. Qxc6 Qxg5+ 31. Kb1 Qg6+ 1-0

[Event "5.Aschacher Donau op"]
[Site "Aschach, AUT"]
[Date "1996.12.26"]
[Round "1"]
[White "Klundt, K."]
[Black "Hager, H."]
[Result "1-0"]
[WhiteElo "2365"]
[BlackElo "2190"]
[PlyCount "69"]
[EventDate "1996.12.31"]

1. e4 g6 2. d4 Bg7 3. Nc3 d6 4. Nf3 Nf6 5. Be2 O-O 6. O-O c5 7. d5 Bg4 8. Re1
Na6 9. Bf4 Nd7 10. Qd2 Re8 11. Bh6 Bf6 12. h3 Bxf3 13. Bxf3 c4 14. Be3 Qa5 15.
Bg4 Nac5 16. Bd4 a6 17. f4 Qc7 18. Re2 b5 19. Rae1 Bh4 20. Rf1 h5 21. Bxd7 Nxd7
22. e5 e6 23. Ne4 exd5 24. Nxd6 Re6 25. f5 Rxd6 26. exd6 Qxd6 27. Qh6 Bf6 28.
Bxf6 Qxf6 29. fxg6 Qxg6 30. Qf4 Nc5 31. Qd4 Qd6 32. Rf5 Ne6 33. Qf6 Qf8 34.
Rxe6 fxe6 35. Rg5+ 1-0

[Event "5.Aschacher Donau op"]
[Site "Aschach, AUT"]
[Date "1996.12.26"]
[Round "1"]
[White "Konrad, E."]
[Black "Lehner, O."]
[Result "1/2-1/2"]
[WhiteElo "2015"]
[BlackElo "2320"]
[PlyCount "67"]
[EventDate "1996.12.31"]

1. e4 c5 2. Nc3 Nc6 3. g3 g6 4. Bg2 Bg7 5. f4 d6 6. Nf3 e5 7. d3 Nge7 8. O-O
Rb8 9. a4 a6 10. Ne2 O-O 11. c3 Bg4 12. Be3 exf4 13. gxf4 Re8 14. Qe1 b6 15.
Qg3 Bxf3 16. Qxf3 Rc8 17. f5 gxf5 18. exf5 Nxf5 19. Qxf5 Rxe3 20. Be4 Ne5 21.
Qxh7+ Kf8 22. Nf4 Qg5+ 23. Kh1 Qh6 24. Qf5 Re8 25. Nh5 (25. d4 Ng4 26. Ng6+ Kg8
27. Qxf7+ Kh7 28. Ne5+ Rxe4 29. Nxg4 Rxg4 30. Qxe8 $16) 25... Re2 26. d4 cxd4
27. cxd4 Qe3 28. dxe5 (28. Ng3 Qd2 29. dxe5 Rxh2+ 30. Kg1 Re7 31. Rad1 Qxb2 32.
exd6 $18) 28... Qxe4+ 29. Qxe4 Rxe4 30. Nxg7 Kxg7 31. exd6 Rd8 32. Rfd1 Re2 33.
Rac1 Kf6 34. Rc7 1/2-1/2

[Event "5.Aschacher Donau op"]
[Site "Aschach, AUT"]
[Date "1996.12.26"]
[Round "1"]
[White "Marjanovic, S."]
[Black "Balinov, I."]
[Result "0-1"]
[WhiteElo "2095"]
[BlackElo "2385"]
[PlyCount "100"]
[EventDate "1996.12.31"]

1. Nf3 g6 2. d4 Nf6 3. b3 Bg7 4. Bb2 Ne4 5. e3 c5 6. Bd3 d5 7. O-O Nc6 8. Nbd2
Bf5 9. Ne5 Nxe5 10. dxe5 O-O 11. f3 Nxd2 12. Qxd2 Bd7 13. c4 Bc6 14. Rad1 e6
15. f4 Qc7 16. Qf2 Rfd8 17. Qg3 dxc4 18. Bxc4 Rxd1 19. Rxd1 Rd8 20. Qe1 Rd7 21.
Be2 Be4 22. Kf2 Bf8 23. Rxd7 Qxd7 24. Qd1 Qxd1 25. Bxd1 Be7 26. g3 Kf8 27. Ke2
Ke8 28. Kd2 Kd7 29. Bc2 Bxc2 30. Kxc2 Kc6 31. Kd3 Kd5 32. e4+ Kc6 33. h4 h5 34.
Bc3 Bd8 35. Be1 b5 36. Bd2 Bb6 37. Be1 Bc7 38. Bd2 Bd8 39. Bc3 Kb7 40. Bd2 Bb6
41. Be1 Ka6 42. a4 Ba5 43. Bf2 Bb4 44. axb5+ Kxb5 45. g4 hxg4 46. f5 Ba3 47.
Kc2 a6 48. Be1 c4 49. bxc4+ Kxc4 50. Bd2 Bc5 0-1

[Event "5.Aschacher Donau op"]
[Site "Aschach, AUT"]
[Date "1996.12.26"]
[Round "1"]
[White "Mayer, J."]
[Black "Altukhov, S."]
[Result "0-1"]
[WhiteElo "2070"]
[BlackElo "2350"]
[PlyCount "116"]
[EventDate "1996.12.31"]

1. c4 g6 2. Nf3 Bg7 3. d4 Nf6 4. g3 O-O 5. Bg2 c6 6. O-O d5 7. cxd5 cxd5 8. Nc3
b6 9. e4 Nxe4 10. Nxe4 dxe4 11. Ng5 Bb7 12. Nxe4 Bd5 13. Be3 Nc6 14. Qa4 Rc8
15. Rfd1 Qd7 16. Rd2 Rfd8 17. Rad1 Qb7 18. f3 Na5 19. Rd3 Nc4 20. Bc1 Nd6 21.
Nc3 b5 22. Qa5 Bc4 23. f4 Qd7 24. R3d2 Be6 25. b3 Qc7 26. Qxc7 Rxc7 27. Bb2 Kf8
28. Kf2 Rdc8 29. Ne4 Nxe4+ 30. Bxe4 Bg4 31. Re1 Bf5 32. Bxf5 gxf5 33. Ba3 Bf6
34. Rde2 Rc2 35. d5 Rxe2+ 36. Rxe2 Rd8 37. Rd2 Ke8 38. Bb4 a6 39. Ke3 Kd7 40.
Kd3 h5 41. Ke3 h4 42. gxh4 Bxh4 43. Re2 Bf6 44. Rd2 Rh8 45. Kf3 Rh3+ 46. Kg2
Re3 47. Bc5 Rc3 48. Bb4 Rc1 49. Ba3 Re1 50. Kf3 Bc3 51. Re2 Rxe2 52. Kxe2 b4
53. Kd3 Kd6 54. Bc1 Kxd5 55. h4 Bg7 56. a3 Bh6 57. axb4 e5 58. Ke3 Bxf4+ 0-1

[Event "5.Aschacher Donau op"]
[Site "Aschach, AUT"]
[Date "1996.12.26"]
[Round "1"]
[White "Obermayr, H."]
[Black "Lanka, Z."]
[Result "1-0"]
[WhiteElo "2110"]
[BlackElo "2545"]
[PlyCount "79"]
[EventDate "1996.12.31"]

1. d4 Nf6 2. c4 c5 3. d5 b5 4. Nd2 Qa5 5. b4 cxb4 6. Nb3 Qd8 7. cxb5 g6 8. Bb2
Bg7 9. e4 O-O 10. Bd3 a5 11. a4 bxa3 12. Rxa3 e6 13. d6 Ne8 14. Bxg7 Kxg7 15.
Qa1+ Kg8 16. Qd4 Qg5 17. g3 f5 18. f4 Qd8 19. Nf3 Nf6 20. Nc5 fxe4 21. Nxe4 Nd5
22. O-O Nb4 23. Bb1 Bb7 24. Ne5 Rf5 25. Ng4 Qf8 26. Nef6+ Kh8 27. Bxf5 gxf5 28.
Nxd7+ Qg7 29. Qxg7+ Kxg7 30. Nxb8 fxg4 31. Nc6 Nxc6 32. bxc6 Bxc6 33. Rc1 Ra6
34. Rac3 Bd7 35. Rd1 Kf7 36. Rc7 Ke8 37. Kf2 a4 38. Ke3 a3 39. Ra1 Bc6 40. Rb1
1-0

[Event "5.Aschacher Donau op"]
[Site "Aschach, AUT"]
[Date "1996.12.26"]
[Round "1"]
[White "Piven, I."]
[Black "Priesner, A."]
[Result "1-0"]
[WhiteElo "2385"]
[BlackElo "2085"]
[PlyCount "55"]
[EventDate "1996.12.31"]

1. d4 Nf6 2. c4 e6 3. Nf3 d5 4. Nc3 Be7 5. Bg5 Nbd7 6. e3 c5 7. cxd5 exd5 8.
Be2 O-O 9. O-O b6 10. dxc5 Nxc5 11. Nd4 Bb7 12. Nf5 Nce4 13. Nxe4 dxe4 14. Qa4
a6 15. Rfd1 Qe8 16. Qxe8 Rfxe8 17. Rac1 Kf8 18. Rc7 Bc8 19. Nxe7 Rxe7 20. Rd8+
Re8 21. Bxf6 gxf6 22. Rxf7+ Kxf7 23. Bh5+ Kg7 24. Bxe8 Bb7 25. Rd7+ Kh6 26.
Rxb7 Rxe8 27. Rxb6 Rc8 28. g3 1-0

[Event "5.Aschacher Donau op"]
[Site "Aschach, AUT"]
[Date "1996.12.26"]
[Round "1"]
[White "Schaubmair, M."]
[Black "Navratil, R."]
[Result "1-0"]
[WhiteElo "2260"]
[BlackElo "2180"]
[PlyCount "77"]
[EventDate "1996.12.31"]

1. d4 d5 2. Nf3 c6 3. c4 e6 4. Nc3 dxc4 5. a4 Bb4 6. Ne5 b5 7. e3 Bb7 8. Bd2 a5
9. Be2 Nf6 10. O-O Bxc3 11. bxc3 Ne4 12. Be1 O-O 13. Qb1 Nd6 14. f4 f6 15. Ng4
Nd7 16. Rf3 Qe8 17. Nf2 e5 18. fxe5 fxe5 19. Rxf8+ Qxf8 20. Bf3 exd4 21. exd4
Qf4 22. Ng4 Qg5 23. Bg3 Nf5 24. Qe4 Nxg3 25. Qe6+ Kh8 26. Qxd7 h5 27. Nf2 Ne2+
28. Bxe2 Rf8 29. Qxb7 Qe3 30. Bf3 Qxc3 31. Rd1 b4 32. Qe7 Rf6 33. Qe8+ Kh7 34.
Qxh5+ Kg8 35. Qe8+ Rf8 36. Qe6+ Kh8 37. Qe7 Rf6 38. Qe8+ Kh7 39. Be4+ 1-0

[Event "5.Aschacher Donau op"]
[Site "Aschach, AUT"]
[Date "1996.12.26"]
[Round "1"]
[White "Staller, P."]
[Black "Zoister, S."]
[Result "1-0"]
[WhiteElo "2350"]
[BlackElo "2045"]
[PlyCount "103"]
[EventDate "1996.12.31"]

1. Nf3 Nf6 2. g3 b6 3. Bg2 Bb7 4. O-O e6 5. b3 c5 6. Bb2 Be7 7. c4 O-O 8. e3 d5
9. d3 Nc6 10. Qe2 dxc4 11. bxc4 Qc7 12. Nc3 Rad8 13. Rfd1 Rd7 14. Rab1 Rfd8 15.
a3 Ba8 16. Ba1 Ne8 17. Ne4 Bf6 18. Nxf6+ Nxf6 19. d4 Qd6 20. Bh3 cxd4 21. exd4
Qe7 22. Re1 Qxa3 23. d5 Nxd5 24. cxd5 Rxd5 25. Bg2 h6 26. Bb2 Qd3 27. Qxd3 Rxd3
28. Ra1 a5 29. Ne5 Nxe5 30. Bxe5 Bxg2 31. Kxg2 R8d5 32. Bf4 Rb5 33. Ra2 Rbb3
34. Rc1 g5 35. Be3 Rd7 36. Rc6 Rb7 37. Ra4 Kg7 38. h4 gxh4 39. Rg4+ Kh7 40.
Rxh4 b5 41. Rc8 f6 42. Bxh6 a4 43. Be3+ Kg7 44. Rch8 Rf7 45. Ra8 e5 46. g4 a3
47. Bh6+ Kg6 48. Bf8 b4 49. Bc5 Rh7 50. Rxh7 Kxh7 51. Ra4 Rb1 52. Bxb4 1-0

[Event "5.Aschacher Donau op"]
[Site "Aschach, AUT"]
[Date "1996.12.26"]
[Round "1"]
[White "Sulava, N."]
[Black "Steinermayr, T."]
[Result "1-0"]
[WhiteElo "2430"]
[BlackElo "2100"]
[PlyCount "88"]
[EventDate "1996.12.31"]

1. d4 Nf6 2. Nf3 g6 3. c4 Bg7 4. Nc3 O-O 5. e4 d6 6. Be2 e5 7. O-O Nc6 8. d5
Ne7 9. Ne1 Nd7 10. Be3 f5 11. f3 f4 12. Bf2 g5 13. a4 Nf6 14. c5 h5 15. cxd6
cxd6 16. a5 Ng6 17. Nb5 g4 18. Nxa7 g3 19. Bb6 Qe7 20. Rc1 Nh7 21. Nxc8 Rfxc8
22. Rxc8+ Rxc8 23. Bb5 Ngf8 24. Nd3 Qh4 25. h3 Bf6 26. Qa4 Bd8 27. Bd7 Ra8 28.
Qb5 Bxb6+ 29. axb6 Qd8 30. Bf5 Nf6 31. Rc1 N6d7 32. Kf1 Nxb6 33. Ke2 Ra7 34.
Qb4 Ra6 35. Qc3 Qb8 36. Qc7 Qa7 37. Be6+ Kh8 38. Nxe5 Nbd7 39. Nf7+ Kg7 40.
Qc3+ Ne5 41. Nxe5 Qf2+ 42. Kd1 Qg1+ 43. Kc2 Qxg2+ 44. Kb1 Nxe6 1-0

[Event "5.Aschacher Donau op"]
[Site "Aschach, AUT"]
[Date "1996.12.26"]
[Round "1"]
[White "Teske, H."]
[Black "Wiesinger, R."]
[Result "1-0"]
[WhiteElo "2520"]
[BlackElo "2105"]
[PlyCount "84"]
[EventDate "1996.12.31"]

1. d4 d5 2. Nf3 c6 3. c4 e6 4. Qc2 f5 (4... Bd6) 5. Bf4 Nf6 6. e3 Bb4+ $6 (6...
Bd6) 7. Nc3 O-O 8. Bd3 Ne4 9. g4 Bd6 (9... fxg4 10. Bxe4 dxe4 11. Ne5) 10. Bxd6
(10. Ne5) 10... Nxd6 11. Ne5 Nd7 12. O-O-O Qh4 13. cxd5 cxd5 (13... exd5) 14.
f4 fxg4 15. Rdg1 Nxe5 16. dxe5 Nf5 17. Qe2 Nh6 18. h3 g3 19. Qf3 Nf5 20. Bxf5
Rxf5 21. Rxg3 Bd7 22. Rhg1 Rf7 23. Rg5 Bc6 24. Qg2 g6 25. Rg4 (25. Rxg6+ hxg6
26. Qxg6+ Kf8 27. Qg8+ Ke7 28. Qxa8 Qf2 $13) 25... Qh6 $2 (25... Qh5) 26. Qg3
Rc8 27. Kb1 Rcf8 28. Ne2 Bb5 29. Nd4 Bd3+ 30. Ka1 Bf5 31. Rg5 a6 32. h4 Rc8 33.
h5 Rfc7 34. Qe1 Kf7 35. Qd2 Rc5 36. a3 Be4 37. Ka2 gxh5 38. Qb4 b5 39. Qa5 h4
40. Qxa6 h3 41. Rh5 Bb1+ 42. Kxb1 Rc1+ 1-0

[Event "5.Aschacher Donau op"]
[Site "Aschach, AUT"]
[Date "1996.12.26"]
[Round "1"]
[White "Tscherne, J."]
[Black "Knoll, H."]
[Result "1-0"]
[WhiteElo "1980"]
[BlackElo "2250"]
[PlyCount "89"]
[EventDate "1996.12.31"]

1. e4 e5 2. d3 Bc5 3. c3 Nc6 4. Nd2 a5 5. Ngf3 Nf6 6. Be2 O-O 7. O-O d5 8. Qc2
Qe7 9. a4 h6 10. Nb3 Bb6 11. Nfd2 Be6 12. Kh1 Rfd8 13. Bf3 d4 14. Be2 Qd6 15.
c4 Nb4 16. Qd1 c6 17. Rg1 Nh7 18. Nf1 Bc7 19. Ng3 Rab8 20. Nd2 Rdc8 21. b3 Nf8
22. Nf5 Bxf5 23. exf5 e4 24. g3 exd3 25. Bf3 Qf6 26. Bg4 Re8 27. f3 Nc2 28. Ne4
Rxe4 29. fxe4 Nxa1 30. Qxd3 Nd7 31. Bf4 Bxf4 32. gxf4 Nc5 33. Qf3 Naxb3 34. e5
Qh4 35. Bh5 Ne4 36. Bxf7+ Kxf7 37. Qxe4 Rg8 38. f6 g6 39. e6+ Kxf6 40. e7 Kf7
41. Rxg6 Nc5 42. Rxg8 Nxe4 43. e8=Q+ Kf6 44. Qd8+ Kf7 45. Qxh4 1-0

[Event "5.Aschacher Donau op"]
[Site "Aschach, AUT"]
[Date "1996.12.26"]
[Round "1"]
[White "Weiss, C."]
[Black "Trkulja, Z."]
[Result "1-0"]
[WhiteElo "2335"]
[BlackElo "2175"]
[PlyCount "147"]
[EventDate "1996.12.31"]

1. d4 Nf6 2. Nf3 b6 3. Bg5 Bb7 4. e3 e6 5. Bd3 Be7 6. Nbd2 d5 7. Bxf6 Bxf6 8.
e4 O-O 9. e5 Be7 10. h4 c5 11. c3 h6 12. g4 cxd4 13. cxd4 Ba6 14. Qe2 Bxd3 15.
Qxd3 Nc6 16. a3 g6 17. g5 h5 18. O-O Qd7 19. Rfc1 a5 20. Rc2 Qb7 21. Rac1 Rac8
22. Nb1 Na7 23. Nfd2 Rxc2 24. Rxc2 Rc8 25. Rxc8+ Qxc8 26. Nc3 Kf8 27. Kf1 Qb7
28. Nb3 Qc8 29. Ke2 Bd8 30. Nd2 Qb7 31. Nb5 Nxb5 32. Qxb5 Qc7 33. Kd1 Ke7 34.
Nb1 Qd7 35. Qb3 Qc6 36. Nc3 Qc4 37. Qxc4 dxc4 38. Kd2 Kd7 39. Ke3 Kc6 40. Ke4
b5 41. d5+ exd5+ 42. Nxd5 Kc5 43. f4 b4 44. axb4+ axb4 45. Ne3 b3 46. Nd1 Bc7
47. f5 gxf5+ 48. Kxf5 Kd4 49. e6 fxe6+ 50. Kxe6 Be5 51. g6 Bh8 52. Nc3 Kd3 53.
Na4 Kc2 54. Kf7 Bxb2 55. Nxb2 Kxb2 56. g7 c3 57. g8=Q c2 58. Qg2 Kb1 59. Qe4
Kb2 60. Qd4+ Kb1 61. Qc3 b2 62. Qd3 Kc1 63. Qe3+ Kd1 64. Qf3+ Kd2 65. Qf4+ Kd1
66. Qd6+ Kc1 67. Qa3 Kb1 68. Qd3 Kc1 69. Qe3+ Kd1 70. Qd4+ Kc1 71. Qf4+ Kd1 72.
Qd6+ Kc1 73. Qh6+ Kb1 74. Qg6 1-0

[Event "5.Aschacher Donau op"]
[Site "Aschach, AUT"]
[Date "1996.12.27"]
[Round "2"]
[White "Altukhov, S."]
[Black "Amberger, D."]
[Result "1-0"]
[WhiteElo "2350"]
[BlackElo "2135"]
[PlyCount "105"]
[EventDate "1996.12.31"]

1. d4 Nf6 2. c4 g6 3. Nc3 d5 4. Nf3 Bg7 5. cxd5 Nxd5 6. e4 Nxc3 7. bxc3 O-O 8.
Be2 c5 9. Rb1 Qc7 10. O-O Nc6 11. d5 Ne5 12. c4 Bg4 13. Nxe5 Bxe2 14. Qxe2 Bxe5
15. f4 Bd4+ 16. Kh1 b6 17. e5 f6 18. e6 f5 19. Rf3 Kg7 20. Rbb3 Qd6 21. h4 h5
22. Bb2 Bxb2 23. Qxb2+ Kh7 24. g3 Rfb8 25. a4 Rb7 26. Rf1 Rab8 27. Rb1 Kg8 28.
Kg2 Qc7 29. Qe5 Qd6 30. Kf3 Qd8 31. a5 Qd6 32. Qxd6 exd6 33. Ke3 Kf8 34. Kd3
Ke7 35. Kc3 Kd8 36. Rb5 Ke7 37. R1b2 Kd8 38. R2b3 Ke7 39. Kb2 Kd8 40. Kc3 Ke7
41. axb6 a6 42. Ra5 Rxb6 43. Rxb6 Rxb6 44. Ra3 Rb1 45. Rxa6 Rg1 46. Ra7+ Ke8
47. Kb3 Rxg3+ 48. Ka4 Rf3 49. Kb5 Rxf4 50. Kc6 Re4 51. Kxd6 Kf8 52. Ra8+ Kg7
53. e7 1-0

[Event "5.Aschacher Donau op"]
[Site "Aschach, AUT"]
[Date "1996.12.27"]
[Round "2"]
[White "Balinov, I."]
[Black "Karner, C."]
[Result "1-0"]
[WhiteElo "2385"]
[BlackElo "2180"]
[PlyCount "47"]
[EventDate "1996.12.31"]

1. e4 c5 2. Nf3 e6 3. d4 cxd4 4. Nxd4 Nf6 5. Nc3 d6 6. Be2 Be7 7. O-O O-O 8. f4
Nc6 9. Kh1 Qc7 10. Ndb5 Qd8 11. a4 a6 12. Na3 Rb8 13. Be3 Re8 14. Bf3 Qc7 15.
Rf2 Na5 16. Qd3 Nc6 17. Rd2 Nd7 18. Qf1 Na5 19. Ba7 Ra8 20. Bd4 d5 21. exd5
Qxf4 22. dxe6 fxe6 23. Rad1 Ne5 24. Nd5 1-0

[Event "5.Aschacher Donau op"]
[Site "Aschach, AUT"]
[Date "1996.12.27"]
[Round "2"]
[White "Casagrande, H."]
[Black "Mendl, M."]
[Result "1-0"]
[WhiteElo "2365"]
[BlackElo "2155"]
[PlyCount "47"]
[EventDate "1996.12.31"]

1. c4 e5 2. Nc3 Nc6 3. Nf3 Nf6 4. g3 g6 5. Bg2 Bg7 6. d4 exd4 7. Nxd4 O-O 8.
O-O Re8 9. Nxc6 bxc6 10. Qa4 a5 11. Rd1 Qe7 12. Bf4 Qb4 13. Bxc7 Qxb2 14. Qb3
Qxb3 15. axb3 a4 16. Nxa4 Rxe2 17. Re1 Rxe1+ 18. Rxe1 Ba6 19. Nb6 Ra7 20. Bd6
Rb7 21. Na4 Bf8 22. Bxf8 Kxf8 23. Nc5 Rb6 24. Ra1 1-0

[Event "5.Aschacher Donau op"]
[Site "Aschach, AUT"]
[Date "1996.12.27"]
[Round "2"]
[White "Gerer, J."]
[Black "Teske, H."]
[Result "0-1"]
[WhiteElo "2205"]
[BlackElo "2520"]
[PlyCount "85"]
[EventDate "1996.12.31"]

1. d4 e6 2. Nf3 c5 3. c3 d5 4. Bf4 Nc6 5. e3 Qb6 6. Qb3 Nf6 7. Nbd2 Be7 8. h3
Bd7 9. Be2 O-O 10. O-O Rac8 11. Rfe1 Rfd8 12. Rad1 Be8 13. Qxb6 axb6 14. Bd3
Ra8 15. Bb1 c4 16. Ne5 b5 17. a3 Ra6 18. g4 Rda8 19. Bg5 h6 20. Bf4 Na7 21. Kf1
Nc8 22. Ke2 Nb6 23. Bc2 Na4 24. Bxa4 bxa4 25. Rg1 Rb6 26. Rb1 Nh7 27. Kd1 g5
28. Bg3 f6 29. Nexc4 dxc4 30. Nxc4 Rc6 31. Nd2 Bg6 32. e4 f5 33. f3 Nf6 34. Re1
fxe4 35. fxe4 Rd8 36. Re3 Bd6 37. Bxd6 Rcxd6 38. Ke2 e5 39. d5 Nxd5 40. exd5
Bxb1 41. Nxb1 Rxd5 42. c4 Rd1 43. Nc3 0-1

[Event "5.Aschacher Donau op"]
[Site "Aschach, AUT"]
[Date "1996.12.27"]
[Round "2"]
[White "Gruber, R."]
[Black "Kamberovic, S."]
[Result "1-0"]
[WhiteElo "1985"]
[BlackElo "2365"]
[PlyCount "89"]
[EventDate "1996.12.31"]

1. d4 Nf6 2. c4 Nc6 3. Nc3 d6 4. e4 e5 5. Nge2 Bd7 6. d5 Ne7 7. f3 Ng6 8. Be3
Be7 9. Qd2 O-O 10. O-O-O c6 11. Kb1 cxd5 12. cxd5 b5 13. Nc1 b4 14. N3e2 a5 15.
Ng3 Ne8 16. Nf5 Nc7 17. g4 Bb5 18. h4 a4 19. h5 Nf4 20. Bxf4 exf4 21. Qxf4 Bxf1
22. Rhxf1 Nb5 23. Nxe7+ Qxe7 24. h6 Rfb8 25. Ne2 g6 26. Rd3 f6 27. Nd4 Nxd4 28.
Rxd4 b3 29. a3 Rc8 30. Rc1 Rc7 31. Rdc4 Rac8 32. Rc6 Rxc6 33. Rxc6 Rd8 34. Qc1
Qf8 35. Rc7 g5 36. Rg7+ Kh8 37. Qc7 Rc8 38. Rxh7+ Kg8 39. Qd7 Rc2 40. Rg7+ Kh8
41. Qf5 Qxg7 42. hxg7+ Kxg7 43. Qd7+ Kg6 44. Qxa4 Rf2 45. Qxb3 1-0

[Event "5.Aschacher Donau op"]
[Site "Aschach, AUT"]
[Date "1996.12.27"]
[Round "2"]
[White "Ilincic, P."]
[Black "Sulava, N."]
[Result "1/2-1/2"]
[WhiteElo "2200"]
[BlackElo "2430"]
[PlyCount "109"]
[EventDate "1996.12.31"]

1. d4 e6 2. e4 d5 3. Nd2 Nf6 4. Bd3 dxe4 5. Nxe4 Nxe4 6. Bxe4 Nd7 7. Ne2 Bd6 8.
Qd3 c5 9. Be3 Qc7 10. Nc3 c4 11. Qe2 Nf6 12. Bf3 O-O 13. g4 Bd7 14. g5 Nd5 15.
Nxd5 exd5 16. Qd2 Bc6 17. h4 b5 18. h5 b4 19. Rh4 Rae8 20. Kf1 c3 21. bxc3 Bb5+
22. Kg2 bxc3 23. Qc1 Bc4 24. h6 g6 25. Bf4 f6 26. gxf6 Rxf6 27. Bxd6 Qxd6 28.
Qg5 Ref8 29. Rh3 Rf5 30. Qe3 Qf6 31. Rg3 Kh8 32. Re1 g5 33. Qe7 Qxd4 34. Re3
Qf6 35. Qxf6+ R5xf6 36. Rxc3 Rxh6 37. Rxg5 Rhf6 38. Bxd5 Rxf2+ 39. Kg3 Bxd5 40.
Rxd5 R2f7 41. Rdc5 Rg8+ 42. Kh3 Rf1 43. Rg3 Rh1+ 44. Kg2 Rg1+ 45. Kxg1 Rxg3+
46. Kf2 Ra3 47. Rc7 Kg8 48. Ke2 h5 49. Rc5 h4 50. Rc7 a5 51. Kf2 a4 52. Kg2
Rxa2 53. Rc4 Kf7 54. Rxh4 Rxc2+ 55. Kf3 1/2-1/2

[Event "5.Aschacher Donau op"]
[Site "Aschach, AUT"]
[Date "1996.12.27"]
[Round "2"]
[White "Knechtel, R."]
[Black "Staller, P."]
[Result "0-1"]
[WhiteElo "2125"]
[BlackElo "2350"]
[PlyCount "108"]
[EventDate "1996.12.31"]

1. d4 Nf6 2. c4 e6 3. Nc3 Bb4 4. e3 O-O 5. Nge2 b6 6. a3 Bxc3+ 7. Nxc3 d5 8.
cxd5 exd5 9. b4 Bb7 10. Be2 Nbd7 11. Rb1 Ne4 12. Qc2 Ndf6 13. O-O Nxc3 14. Qxc3
Ne4 15. Qb3 Qd7 16. Rd1 Rfe8 17. Bb2 a5 18. b5 Qf5 19. f3 Nd2 20. Bd3 Nxb3 21.
Bxf5 a4 22. Kf2 Bc8 23. Bc2 Bd7 24. Bxb3 axb3 25. Rbc1 Ra7 26. Rc3 Bxb5 27.
Rdc1 Bc4 28. e4 b5 29. e5 c5 30. dxc5 d4 31. Rxc4 bxc4 32. Rxc4 Rxe5 33. Rxd4
Ra8 34. Rb4 Rxc5 35. Rxb3 Rc2+ 36. Kg3 h6 37. Be5 Ra6 38. Kh3 Ra2 39. Bb2 Re6
40. Bc1 Ree2 41. Bf4 Rxg2 42. Rb8+ Kh7 43. Rb7 Kg6 44. Rb3 Rgf2 45. Kg4 f5+ 46.
Kh3 Kh5 47. Bg3 Rfb2 48. Rxb2 Rxb2 49. Be5 Rb3 50. Kg3 g5 51. Bd6 Rb2 52. Bc5
f4+ 53. Kh3 Rc2 54. Bd4 Kg6 0-1

[Event "5.Aschacher Donau op"]
[Site "Aschach, AUT"]
[Date "1996.12.27"]
[Round "2"]
[White "Lehner, O."]
[Black "Lanka, Z."]
[Result "1/2-1/2"]
[WhiteElo "2545"]
[BlackElo "2320"]
[PlyCount "112"]
[EventDate "1996.12.31"]

1. Nf3 Nf6 2. c4 g6 3. Nc3 Bg7 4. e4 d6 5. d4 O-O 6. h3 Nbd7 7. Be3 e5 8. d5 a5
9. Nd2 c6 10. g4 Nc5 11. Be2 a4 12. b4 axb3 13. axb3 Rxa1 14. Qxa1 Na6 15. Qa3
c5 16. Na2 Nd7 17. h4 Re8 18. h5 Nf8 19. Rg1 Bd7 20. Kf1 Qb6 21. Kg2 Ra8 22.
Qb2 Qd8 23. g5 gxh5 24. Bxh5 Qc8 25. f3 Ng6 26. Bxg6 fxg6 27. b4 cxb4 28. Nxb4
Nc5 29. Ra1 Rxa1 30. Qxa1 Na4 31. Nd3 b6 32. Kf2 Bf8 33. f4 exf4 34. Bxf4 Be7
35. e5 Qf8 36. Ke3 dxe5 37. Qxe5 Bc5+ 38. Kf3 Qf5 39. Qxf5 Bxf5 40. Ne4 Bd4 41.
Ne5 Bxe5 42. Bxe5 Kf8 43. Bd4 Ke7 44. Kf4 Bh3 45. Ke5 Bf1 46. c5 (46. d6+ Kf7 (
46... Kd7 47. Nf6+ Kd8 48. Kd5 Bg2+ 49. Ke6 Bf1 50. Nd5 Bh3+ 51. Ke5 Nc5 52.
Bxc5 bxc5 53. Nf6 $18) (46... Kd8 47. Kd5 Bg2 48. Ke6 Bh3+ 49. Kf7) 47. Kd5 Bg2
48. d7 Ke7 (48... Bxe4+ 49. Kd6 $18) 49. Kc6 $18) 46... bxc5 47. Bxc5+ Nxc5 48.
Nxc5 Kf7 49. Ne4 Kg7 50. d6 Bb5 51. Nc5 h6 52. Ne6+ Kg8 53. Kf6 hxg5 54. Nxg5
Ba4 55. Ne6 g5 56. Nxg5 Kf8 1/2-1/2

[Event "5.Aschacher Donau op"]
[Site "Aschach, AUT"]
[Date "1996.12.27"]
[Round "2"]
[White "Lohou, Stephane"]
[Black "Beim, V."]
[Result "1/2-1/2"]
[WhiteElo "2210"]
[BlackElo "2570"]
[PlyCount "41"]
[EventDate "1996.12.31"]

1. e4 d6 2. d4 Nf6 3. Nc3 g6 4. Nf3 Bg7 5. Be2 O-O 6. O-O c6 7. Bf4 Nbd7 8. Qd2
Re8 9. e5 dxe5 10. dxe5 Nh5 11. Bc4 Nb6 12. Bb3 c5 $4 13. Qxd8 Rxd8 14. Be3 Be6
15. Bxe6 fxe6 16. Bxc5 Nc4 17. Bd4 Rac8 18. Ne4 Rd5 19. Nc3 Rd7 20. Ne4 Rd5 21.
Nc3 1/2-1/2